|
|
|
|
| LEADER |
00000nam a22000007a 4500 |
| 005 |
20210618011016.0 |
| 007 |
cr|||| |||| |
| 008 |
210618t2018 co |||||s|||| 00||0 spa d |
| 020 |
|
|
|a 978-958-762-868-5
|
| 035 |
|
|
|a 33434
|
| 040 |
|
|
|a vLex
|
| 090 |
|
|
|c 11818
|d 11818
|
| 245 |
0 |
0 |
|a Marketing y plan de negocio de la microempresa
|h [Recurso electrn̤ico] :
|b Planificacin̤ e iniciativa emprendedora en pequeǫs negocios o microempresas
|
| 256 |
|
|
|a Servicio en ln̕ea
|
| 260 |
|
|
|a Bogot:̀
|b Ediciones de la U,
|c 2018
|
| 300 |
|
|
|a 1 recurso electrn̤ico
|
| 500 |
|
|
|a Todo el mundo habla del marketing, de lo importante qu ̌es, de lo que puede influir a la hora de decidirnos por un producto, incluso aunque no lo necesitemos. Hay quien dice que todo en la sociedad es ?marketing?, que las empresas hacen marketing para convencernos de que compremos sus productos, que los polt̕icos utilizan el marketing para ?venderse?, encontramos ?marketing? cuando entramos a una importante cadena de restaurantes, o a un centro comercial? y tambiň se le atribuyen capacidades casi sobrenaturales: el poder de hacernos creer en cosas que antes no crea̕mos, de convencernos para hacer algo que no pensb̀amos hacer previamente, de cambiar incluso nuestros pensamientos. Este libro proporciona un conocimiento global del r̀ea que genera negocio: el marketing. Le enseą a planificar todo lo relativo a las estrategias generales de marketing, brindando un conocimiento tčnico del marketing mix (producto, precio, comunicacin̤ y distribucin̤), as ̕como aprender a diseąr y planificar la polt̕ica de producto de la empresa o negocio y crear un plan de comunicacin̤ para la marca y productos.
|
| 506 |
1 |
|
|a Disponible solo en los productos indicados
|d vLex Global
|d vLex Global (Academic Edition, excluding Law Schools)
|d vLex Global (U.S. Academic Edition, Law Schools)
|d vLex Global (U.S. Academic Edition, excluding Law Schools)
|d vLex Global (Academic Edition, Law Schools)
|
| 650 |
0 |
4 |
|a Marketing
|z Colombia
|
| 740 |
0 |
|
|a vLex Libros (Servicio en ln̕ea)
|
| 856 |
4 |
0 |
|u https://vlex.com/source/marketing-y-plan-de-negocio-de-la-microempresa-planificacion-e-iniciativa-emprendedora-en-peque-os-negocios-o-microempresas-33434
|z Acceso restringido
|
| 942 |
|
|
|c BOOK
|
| 999 |
0 |
|
|a Marketing
|